| 000 | 005000000a22001090004500 | ||
|---|---|---|---|
| 100 | 1 | _aJunca, Humberto | |
| 245 | 1 | 0 | _aLa delgada línea roja |
| 300 | _aVol.0, núm.21 (Junio, 2007), Páginas 32-33 | ||
| 520 | _a¿Cuál fue el punto de ruptura entre el arte que conociamos antes, de grandes salones, premios y jurados de selección, y el presente, en donde priman las curadurías? ¿Cuál es la frontera entre artistas y curadores? | ||
| 773 | 0 | _tArcadia / Andrés Felipe Solano, Editor | |
| 942 | _cANA | ||
| 999 |
_c62213 _d62213 |
||